000 00444nam a2200145Ia 4500
008 230312s9999||||xx |||||||||||||| ||und||
020 _a9780646495637
082 _a338.470
_bHAR-T
100 _aMeyers,Mike
245 0 _aMike Meyers' CompTIA A+ guide to managing and troubleshooting PCs lab manual (exams 220-701 & 220-702)
260 _bSwitzer
_aAustralia
_c2008
300 _a204
650 _aComputer
_vnformation technology
942 _cBK
999 _c17742
_d17742